书目信息 |
| 题名: |
帮人挖掘潜能
|
|
| 作者: | 姚金清 著 | |
| 分册: | ||
| 出版信息: | 北京 学术期刊出版社 1998.01 |
|
| 页数: | 237页 | |
| 开本: | 32开 | |
| 丛书名: | ||
| 单 册: | ||
| 中图分类: | B848.5 | |
| 科图分类: | ||
| 主题词: | 个性心理学 , 人格心理学 | |
| 电子资源: | ||
| ISBN: | 7-80045-918-7 | |
| 000 | 00567nam0 2200205 45 | |
| 001 | 0008171054 | |
| 005 | 20000817103459.8 | |
| 010 | @a7-80045-918-7@d12.00元 | |
| 100 | @a20000817d1998 km y0chiy0120 ea | |
| 101 | 0 | @achi |
| 105 | @a z 000yy | |
| 200 | 1 | @a帮人挖掘潜能@ABang Ren Wa Jue Qian Neng@f姚金清著@FYao Jin Qing Zhu |
| 210 | @a北京@c学术期刊出版社@d1998.01 | |
| 215 | @a237页@d32开 | |
| 606 | 0 | @a个性心理学 |
| 606 | 0 | @a人格心理学 |
| 690 | @aB848.5@v3 | |
| 701 | 0 | @a姚金清@4著 |
| 801 | @aCN@bPftUser@c20000817 | |
| 905 | @b107213-217@dB848.5@eY681@f5 | |
| 帮人挖掘潜能/姚金清著.-北京:学术期刊出版社,1998.01 |
| 237页;32开 |
| ISBN 7-80045-918-7:12.00元 |
| ● |
| 相关链接 |
|
|
|
正题名:帮人挖掘潜能
索取号:B848.5/Y681
 
预约/预借
| 序号 | 登录号 | 条形码 | 馆藏地/架位号 | 状态 | 备注 |
| 1 | 107213 | 201072132 | 社科库509/509社科库 52排6列5层/ [索取号:B848.5/Y681] | 在馆 | |
| 2 | 107214 | 201072141 | 社科库509/509社科库 52排6列5层/ [索取号:B848.5/Y681] | 在馆 | |
| 3 | 107215 | 201072150 | 社科库509/509社科库 52排6列5层/ [索取号:B848.5/Y681] | 在馆 | |
| 4 | 107216 | 201072169 | 社科库509/509社科库 52排6列5层/ [索取号:B848.5/Y681] | 在馆 | |
| 5 | 107217 | 201072178 | 社科库509/509社科库 52排6列5层/ [索取号:B848.5/Y681] | 在馆 |